000 00834nam a2200217Ia 4500
003 GCL
008 140319s9999 xx 000 0 ara d
020 _a0563101977
040 _aGCL /
_cGCL
082 0 4 _aق
_b962.04
_bا د
100 1 _aاحمد رشدى صالح
245 1 0 _aدراسات فى تاريخ مصر الاجتماعى /
_cاحمد رشدى صالح
260 _aالقاهرة :
_bالهيئة المصرية العامة للكتاب ،
_c1998
300 _a79 ص ؛
_c22 سم
490 _aتاريخ المصريين
_v114
650 0 4 _aمصر - الاحوال السياسية
650 0 4 _aمصر - الاحوال الاجتماعية
650 0 4 _aمصر - تاريخ - العصر الحديث - الاحتلال البريطانى
650 0 4 _aقناة السويس - تاريخ
942 _2ddc
_cBK
999 _c58287
_d58287